Представление документа в формате RUSMARC

ПолеНазваниеЗначение
  Тип записи a
  Библиографический уровень m
001 Контрольный номер RuMoRGB-008510679
005 Дата корректировки 20180510182255.8
010 Индекс ISBN __
a ISBN 978-5-4461-0648-6
d Цена 1032-80
021 № государственной регистрации __
b № документа 16-46278
100 Данные общей обработки __
a Данные общей обработки 19160606d20 |||y1rusy0189 ca
101 Язык документа __
a Язык текста rus
102 Страна публикации __
a Страна публикации ru
102 Страна публикации __
a Страна публикации ru
105 Кодированные данные (монография) __
a Кодированные данные (монография) ||||zzzz0||zy
200 Заглавие и сведения об ответственности __
a Заглавие Художественная одарённость и её развитие в детском возрасте
e Сведения, относящиеся к заглавию учебное пособие : по направлению подготовки 44.04.01 "Педагогическое образование вузов региона"
f Первые сведения об ответственности А. Никитин
210 Выходные данные __
a Место издания Санкт-Петербург [и др.]
c Издательство Питер
d Дата издания 2018
215 Физическое описание __
a Объем 345 с.
c Иллюстрации/тип воспроизводства ил., табл.
300 Общие примечания __
a Общие примечания Кн. фактически издана в 2017 г.
320 Библиография __
a Библиография Библиогр. в конце разд.
330 Аннотация __
a Аннотация Раскрывается содержание основных вопросов современной психологии, концепций общей и художественной одарённости. Делается акцент на детской художественной одарённости, проводится анализ основных научных школ и течений в зарубежной и отечественной психологической и педагогической мысли от Античности до наших дней.
333 Примечание о целевом назначении __
a Примечание о целевом назначении 16+
606 Тематические рубрики __
a Основная рубрика Психология
606 Тематические рубрики __
a Основная рубрика Особые состояния и явления психики
z Хронологическая подрубрика 19-20 вв.
z Хронологическая подрубрика 1920-1940 гг.
z Хронологическая подрубрика 1950-1980 гг.
z Хронологическая подрубрика 1990 г.
y Географическая подрубрика Древняя Греция
y Географическая подрубрика Россия
610 Ключевые слова __
a Ключевые слова обучение одарённых детей
a Ключевые слова одарённость
a Ключевые слова одарённые дети
a Ключевые слова художественная одарённость
686 Индексы других классификаций __
a Индекс ББК 88.6
700 Автор _1
a Фамилия Никитин
b Имя А. А.
g Полное личное имя Алексей Алексеевич
801 Источник записи _0
a Страна ru
b Организация РГБ
c Дата составления 20160606
g Правила каталогизации RCR
801 Источник записи _1
a Страна ru
b Организация РГБ
c Дата составления 20160606
801 Источник записи _2
a Страна ru
b Организация Центральная районная библиотека им. Г. А. Пирожникова
c Дата составления 20160606
852 Данные о местонахождении __
j Шифр хранения 88.6
i Авторский знак Н 62
b Сигла хранения 8
901 Тип документа __
t Тип документа m
902 Роль лиц __
a Создатель БЗ ОКиО/Шумских
990 Данные о заказе (DOS) __
j Количество экземпляров (DOS) 1
h N записи в КСУ для Б/У (DOS) 2017-17